Estadística modelos y métodos (Registro nro. 4255)
[ vista simple ]
| 000 -LEADER | |
|---|---|
| fixed length control field | 01569 a2200229 4500 |
| 001 - CONTROL NUMBER | |
| control field | 46950 |
| 005 - DATE AND TIME OF LATEST TRANSACTION | |
| control field | 20260407155739.0 |
| 008 - FIXED-LENGTH DATA ELEMENTS--GENERAL INFORMATION | |
| fixed length control field | 260407a1997 arg spa d |
| 003 - CONTROL NUMBER IDENTIFIER | |
| control field | AR-UNSa-BCEJYS |
| 040 ## - CATALOGING SOURCE | |
| Original cataloging agency | AR-UNSa-BCEJYS |
| Language of cataloging | spa |
| Transcribing agency | AR-UNSa-BCEJYS |
| 080 ## - UNIVERSAL DECIMAL CLASSIFICATION NUMBER | |
| Universal Decimal Classification number | 519.21 |
| Common auxiliary subdivision | Teoría de probabilidades y procesos estocásticos<br/> |
| 020 ## - INTERNATIONAL STANDARD BOOK NUMBER | |
| International Standard Book Number | 84-206-8993-1 |
| 100 1# - MAIN ENTRY--PERSONAL NAME | |
| Personal name | Peña Sánchez de Rivera, Daniel |
| 245 10 - TITLE STATEMENT | |
| Title | Estadística modelos y métodos |
| Name of part/section of a work | Fundamentos- Modelos lineales y series temporales |
| 250 ## - EDITION STATEMENT | |
| Edition statement | 2a.ed. |
| 264 #1 - PRODUCTION, PUBLICATION, DISTRIBUTION, MANUFACTURE, AND COPYRIGHT NOTICE | |
| Place of production, publication, distribution, manufacture | Madrid : |
| Name of producer, publisher, distributor, manufacturer | Alianza Editorial |
| Date of production, publication, distribution, manufacture, or copyright notice | 1997 |
| 300 ## - PHYSICAL DESCRIPTION | |
| Extent | 2 v. (571 ; 745p.) |
| Dimensions | 23 cm. |
| 505 ## - FORMATTED CONTENTS NOTE | |
| Formatted contents note | Vol. I: 1. Introducción - Parte I: Fundamentos: 2. La descripción de datos - 3. Modelos de distribución de probabilidad - 4. Estimación del modelo - 5. Hipótesis y decisiones - 6. Diagnosis y crítica del modelo -- Parte II: Control de calidad: 7. Control de calidad -- Vol. II: Parte III: Modelos de diseño experimental: 8. El análisis de la varianza - 9. Modelos clásicos de diseño experimental - 10. Diseños factoriales a dos niveles -- Parte IV: Modelos de regresión: 11. El modelo de regresión simple - 12. El modelo general de regresión - 13. Diagnosis y validación del modelo de regresión múltiple - 14. Extensiones del modelo de regresión -- Parte V: Series temporales: 15. Análisis univariante de series temporales - 16. Regresión dinámica. |
| 590 ## - LOCAL NOTE (RLIN) | |
| Local note | niveau_biblio:m niveau_hierar:0 |
| 856 41 - ELECTRONIC LOCATION AND ACCESS | |
| Uniform Resource Identifier | <a href="https://www.biblioeco.unsa.edu.ar/pmb/images/libros/L127352.jpg">https://www.biblioeco.unsa.edu.ar/pmb/images/libros/L127352.jpg</a> |
| Link text | Imagen de portada |
| Electronic format type | image/jpeg |
| 942 ## - ADDED ENTRY ELEMENTS (KOHA) | |
| Koha item type | |
| Withdrawn status | Lost status | Damaged status | Not for loan | Home library | Current library | Shelving location | Date acquired | Total checkouts | Full call number | Barcode | Date last seen | Price effective from | Koha item type |
|---|---|---|---|---|---|---|---|---|---|---|---|---|---|
| Biblioteca Prof. Eusebio Cleto del Rey | Biblioteca Prof. Eusebio Cleto del Rey | 07/04/2026 | 519.21 P397 v.1 2ed. | L127352 | 07/04/2026 | 07/04/2026 | Libro | ||||||
| Biblioteca Prof. Eusebio Cleto del Rey | Biblioteca Prof. Eusebio Cleto del Rey | 07/04/2026 | 519.21 P397 v.2 2ed. | L127353 | 07/04/2026 | 07/04/2026 | Libro |